01272nam a2200325 i 450000500170000000700030001700800410002002000180006104000350007904100080011404300150012208400110013710000340014824500970018225000230027926400490030230000470035133600270039833700330042533800280045849000450048652001470053152100500067853400150072858600400074365000500078365000500083370000320088370000310091520220317001710.0ta200421s2008 mx a gr 000 0 spa d a9789681639716 aCO-BoRNBPbspaerdacCO-BoRNBP3 heng ae-uk-en--- aC BRO11 aBrowne, Anthonyd1946-eautor13aEl túnelcAnthony Browne ; traducción de Carmen Esteva ; ilustraciones de Anthony Browne aPrimera edición  1aMéxicobFondo de Cultura Económicac2008 a24 páginasbilustraciones a colorc20 cm atextobtxt2rdacontent asin mediaciónbn2rdamedia avolumenbnc2rdacarrier0 aLos especiales de A la orilla del viento3 aRelato que aborda relaciones de conflicto entre hermanos que con personalidades tan diferentes pueden llegar al final resolver sus diferencias aRecomendado para niños a partir de 5 años tThe Tunnel aPremio Hans Christian Andersen 200017aCuentos infantiles inglesesySiglo XX2ARMARC17aLiteratura infantil inglesaySiglo XX2ARMARC1 aBrowne, Anthonyeilustrador1 aEsteva, Carmenetraductora